Geog 30- Map Quiz - Statistics

General Stats
  • This quiz has been taken 33 times
    13 since last reset
  • The average score is 20 of 32
Answers on the Map
Answers color-coded by a green-red scale on the quiz's map according to % correct below.
 
Answer Stats
Answer % Correct
france
100%
guyana
100%
Indonesia
100%
Morocco
100%
Pakistan
100%
Philippines
100%
Taiwan
100%
UK
100%
Vietnam
100%
Afghanistan
50%
Algeria
50%
Belgium
50%
Chile
50%
china
50%
dominican republic
50%
Egypt
50%
germany
50%
Ghana
50%
Haiti
50%
india
50%
Japan
50%
Mexico
50%
New Zealand
50%
Poland
50%
Russia
50%
south africa
50%
South Korea
50%
tanzania
50%
Uganda
50%
Ukraine
50%
Uruguay
50%
Vatican City
0%
No matching quizzes found
Score Distribution
Percent of People with Each Score
Percentile by Number Answered
Your Score History
You have not taken this quiz since the last reset